Генезис конфліктів на посткомуністичному просторі Європи (Запис № 310131)
[ простий вигляд ]
| 000 -Лідер | |
|---|---|
| fixed length control field | 02007nam a22002777a 4500 |
| 001 - Контрольний номер | |
| control field | 23871 |
| 003 - Ідентифікатор контрольного номера | |
| control field | UA-OsUOA |
| 005 - Дата та час останнього входження (трансакції) | |
| control field | 20230504161212.0 |
| 007 - Фіксоване поле фізичного опису | |
| fixed length control field | ta |
| 008 - Елементи даних фіксованої довжини – загальна інформація | |
| fixed length control field | 20040130b un ||||| |||| 00| 0 ukr d |
| 020 ## - Міжнародний стандартний книжковий номер (ISBN) | |
| Міжнародний стандартний книжковий номер (ISBN) (НП) | 966-8474-00-7 |
| 040 ## - Джерело каталогізації | |
| Агенція оригінальної каталогізації | UA-OsUOA |
| Мова каталогізації | ukr |
| Агенція, яка здійснювала перезапис | UA-OsUOA |
| Агенція, яка здійснювала модифікацію | UA-OsUOA |
| 041 ## - Код мови | |
| Код мови тексту/ звукової доріжки чи окремого заголовка (П) | ukr |
| 044 ## - Код країни видавця/ виробника | |
| Код країни видавця/ виробника (П) | UA |
| 080 ## - Індекс Універсальної десяткової класифікації | |
| Індекс Універсальної десяткової класифікації (УДК) (НП) | 327.5 |
| 090 ## - Локальний шифр розміщення | |
| Класифікаційний індекс УДК | 327.5 |
| Авторський знак (НП) | П27 |
| 100 ## - Основне введення – ім’я особи | |
| Ім’я особи (НП) | Перепелиця Г.М. |
| 245 ## - Відомості про назву | |
| Назва (НП) | Генезис конфліктів на посткомуністичному просторі Європи |
| 260 ## - Публікація, розповсюдження і т.п. (Вихідні дані) | |
| Місце публікації, розповсюдження і т.п. (П) | Київ |
| Ім’я/ наймення видавництва, розповсюджувача і т.п. (П) | Стилос |
| Дата публікації, розповсюдження і т.п. (П) | 2003 |
| 300 ## - Фізичний опис | |
| Обсяг | 256 с. |
| 520 ## - Резюме і т.п. | |
| Резюме, реферат, анотація, тощо (НП) | У монографії розкриваються тенденції формування передумов конфлікту, його структури і типології, а також засоби його використання різними політичними силами, суб’єктами й учасниками конфлікту. Першочергове значення при ньому має виявлення та нейтралізація конфліктогенних факторів, що призводять до виникнення конфліктів та посилення міжнародної напруженості. Розробці методології виявлення таких чинників, а також дослідженню тенденцій зародження конфліктів, властивих для посткомуністичного простору Європи, і присвячена ця монографія. Видання може стати корисним для аналітиків, учених, професійних політиків - усіх тих, хто цікавиться проблемами міжнародної безпеки. |
| 650 #7 - Додаткове предметне введення – тематичний термін | |
| Джерело заголовка чи терміна | UDC |
| 942 ## - Додаткові елементи входу (Коха) | |
| Тип елемента Koha | Книги |
| Source of classification or shelving scheme | Universal Decimal Classification |
| 955 ## - Код типу видання за змістом | |
| Код типу видання за змістом (НП) | інше |
| Стан вилучень | Стан втрат | Джерело класифікації або схеми стелажів | Стан уражень | Не для кредиту | Постійне місце розташування | Поточне розміщення | Дата придбання | Вартість, звичайна ціна покупки | Інвентарний номер | Усього замовленно | Повний номер виклику | Штрих-код | Дата останнього перегляду | Дата останньої перевірки | Ціна ефективна від | Тип елемента Koha |
|---|---|---|---|---|---|---|---|---|---|---|---|---|---|---|---|---|
| Universal Decimal Classification | ЧЗ - Читальна зала | ЧЗ - Читальна зала | 30/01/2004 | 3.00 | 77148 | 1 | 327.5 П27 | 77148 | 12/06/2023 | 30/05/2023 | 30/01/2004 | Книги |